Ảnh hưởng của liều lượng phân N-K đến năng suất và phẩm chất cam sành (Citrus nobilis var. typica Hassk.) tại huyện Châu Thành và thị xã Ngã Bảy tỉnh Hậu Giang : Luận văn tốt nghiệp Cao học. Chuyên ngành Khoa học cây trồng
Đề tài xác định công thức phân N-K thích hợp để nâng cao năng suất và phẩm chất cho cây cam sành tại Hậu Giang.
Сохранить в:
| Главный автор: | |
|---|---|
| Формат: | |
| Язык: | Undetermined |
| Опубликовано: |
Cần Thơ
Trường Đại học Cần Thơ
2017
|
| Предметы: | |
| Метки: |
Добавить метку
Нет меток, Требуется 1-ая метка записи!
|
| Thư viện lưu trữ: | Trung tâm Học liệu Trường Đại học Cần Thơ |
|---|
| LEADER | 01083nam a2200205Ia 4500 | ||
|---|---|---|---|
| 001 | CTU_224480 | ||
| 008 | 210402s9999 xx 000 0 und d | ||
| 082 | |a 634.31 | ||
| 082 | |b E202 | ||
| 100 | |a Nguyễn, Lượm Em | ||
| 245 | 0 | |a Ảnh hưởng của liều lượng phân N-K đến năng suất và phẩm chất cam sành (Citrus nobilis var. typica Hassk.) tại huyện Châu Thành và thị xã Ngã Bảy tỉnh Hậu Giang : | |
| 245 | 0 | |b Luận văn tốt nghiệp Cao học. Chuyên ngành Khoa học cây trồng | |
| 245 | 0 | |c Nguyễn Lượm Em ; Trần Văn Hâu (Cán bộ hướng dẫn) | |
| 260 | |a Cần Thơ | ||
| 260 | |b Trường Đại học Cần Thơ | ||
| 260 | |c 2017 | ||
| 520 | |a Đề tài xác định công thức phân N-K thích hợp để nâng cao năng suất và phẩm chất cho cây cam sành tại Hậu Giang. | ||
| 650 | |a Mandarin orange,Cam quýt | ||
| 904 | |i Hải | ||
| 980 | |a Trung tâm Học liệu Trường Đại học Cần Thơ | ||